000 00373nam a2200157Ia 4500
008 230524s9999 xx 000 0 und d
082 _a516.33
_bCHO
100 _aB.Choudhury
245 0 _aElements of Complex Analysis
250 _a2ND
260 _aNEW DELHI
_bNAI
_c2001
300 _aXII;329
500 _aQuantity Number: 2
650 _aMathematics
942 _cBK
999 _c33179
_d33179